| 000 | 00975cab a2200325 4500 | ||
|---|---|---|---|
| 001 | WB3002-34 | ||
| 008 | 090401t1994 xxu||||| |||| 00| 0 eng d | ||
| 035 | _a(Sirsi) u47523 | ||
| 041 | _aeng | ||
| 245 | 2 | _aA metric rod to beat the buyers | |
| 260 | _c1994 | ||
| 350 | _a0 | ||
| 490 |
_aDaily Telegraph _v8 January 1994, Weekend 11(1) |
||
| 520 | _aEstate agents are reluctant to use metric units in house particulars, claiming that buyers will have difficulty imagining the dimensions of property. The EC Directive comes into force at the end of 1994. | ||
| 650 | _aCHAIN | ||
| 650 | _aCONVERSION | ||
| 650 | _aESTATE AGENCY | ||
| 650 | _aFURLONG | ||
| 650 | _aHIDE | ||
| 650 | _aHOUSE PARTICULARS | ||
| 650 | _aMETRICATION | ||
| 650 | _aPERCH | ||
| 650 | _aPOLE | ||
| 650 | _aROD | ||
| 650 | _aROOD | ||
| 690 | _aMAPPING AND MEASUREMENT | ||
| 690 | _aMANAGEMENT-BUSINESS MANAGEMENT-PROFESSIONAL PRACTICE | ||
| 942 | _n0 | ||
| 948 | _c04/03/1997 | ||
| 999 |
_c29969 _d29969 |
||